Secretos de la cocina chilena: bilingual edition

Guardat en:
Dades bibliogràfiques
Autor principal: Marín Vivado, Roberto (autor)
Format: Llibre
Idioma:espanyol
anglès
Publicat: Santiago Origo Ediciones 2012
Matèries:
Etiquetes: Afegir etiqueta
Sense etiquetes, Sigues el primer a etiquetar aquest registre!

MARC

LEADER 00000cam a2200000 a 4500
001 UCF6985
003 CL-VaPUC
008 130530e20120000CL |||||||||||||||||spa|d
020 |a 9789568077709 
041 0 7 |a spa  |2 CL-VaPUC 
041 0 7 |a eng  |2 CL-VaPUC 
082 0 4 |a 641  |b MAR  |2 21 
100 |a Marín Vivado, Roberto  |e autor  |9 568946 
245 1 0 |a Secretos de la cocina chilena: bilingual edition 
300 |a 96 p 
942 |c BK 
945 |d 20130530 00:00:00  |a dcastane 
260 |a Santiago  |b Origo Ediciones  |c 2012 
650 0 |a Cocina   |9 328037 
650 0 |a Gastronomía  |9 324668 
650 0 |a Recetas de cocina  |9 334345 
583 |a last modification  |c 20130530 09:49:00  |k Rodrigo Vera 
999 |c 351955  |d 351953 
952 |0 0  |1 0  |4 0  |6 641_000000000000000_MAR_2012  |7 0  |8 C  |9 456394  |a BIBCUR  |b BIBCUR  |d 2019-11-22  |i 497610K  |l 4  |o 641 MAR 2012  |p 497610K  |r 2025-04-22  |s 2024-09-13  |w 2019-11-22  |y BK  |k CAC